书目信息 |
| 题名: |
中西雕塑比较
|
|
| 作者: | 黄宗贤 | |
| 分册: | ||
| 出版信息: | 石家庄 河北美术出版社 2000 |
|
| 页数: | 336 | |
| 开本: | 19cm | |
| 丛书名: | ||
| 单 册: | ||
| 中图分类: | J042 | |
| 科图分类: | ||
| 主题词: | 艺术--创作方法 | |
| 电子资源: | ||
| ISBN: | 7-5310-1133-6 | |
| 000 | 00599nam0 2200193 450 | |
| 001 | 0739037328 | |
| 005 | 20070817105037.32 | |
| 010 | @a7-5310-1133-6@b精装@d¥55.00 | |
| 100 | @a20070817d km y0chiy0120 ea | |
| 101 | 0 | @achi |
| 200 | 1 | @a中西雕塑比较@Azhong xi diao su bi jiao@e中西美术比较十书@f黄宗贤@Fhuang zong xian |
| 210 | @a石家庄@c河北美术出版社@d2000 | |
| 215 | @a336@d19cm | |
| 517 | 1 | @a中西美术比较十书@Azhong xi mei shu bi jiao shi shu |
| 606 | 0 | @a艺术@x创作方法 |
| 690 | @aJ042@v3 | |
| 701 | 0 | @a黄宗贤@Ahuang zong xian |
| 801 | 0 | @aCN@bPFT@c20070817 |
| 905 | @a213230@dJ042@eM48@f1 | |
| 中西雕塑比较:中西美术比较十书/黄宗贤.-石家庄:河北美术出版社,2000 |
| 336;19cm |
| ISBN 7-5310-1133-6(精装):¥55.00 |
| ● |
| 相关链接 |
|
|
|
|
正题名:中西雕塑比较
索取号:J042/M48
 
预约/预借
| 序号 | 登录号 | 条形码 | 馆藏地/架位号 | 状态 | 备注 |
| 1 | 6400195 | 264001957 | 美术系资料室/ [索取号:J042/M48] | 在馆 |